000 00713nam a22002057a 4500
008 081211t xxu||||| |||| 00| 0 eng d
010 _aENG-92125
020 _c175.00
_a9788190752565
035 _aEN-75658
037 _bDBAD / PUB
040 _adpl
_bEnglish
082 _a005.13
100 _aMurugan, V.
245 _aProgramming in C /
_cby V. Murugan
260 _aChennai
_bOzone Books
_c2008
300 _a333p.
_c30cm (pbk)
650 _aC (Computer program language)
942 _2ddc
_cEN
_mMUR
_h005.13
999 _c19681
_d19681